| 000 | 01123nam a2200241Ia 4500 | ||
|---|---|---|---|
| 003 | Ost | ||
| 005 | 20260507075356.0 | ||
| 008 | 260507s9999||||xx |||||||||||||| ||und|| | ||
| 020 | _a40481299579 | ||
| 040 | _cfsecg | ||
| 041 | _aara | ||
| 082 | _a330 | ||
| 100 |
_aأبو صالح، محمد صبحي _eمؤلف |
||
| 245 | 0 |
_aمبادئ الإحصاء / _c محمد صبحي أبو صالح |
|
| 260 |
_aعمان: _bدار اليازوري العلمية للنشر والتوزيع, _c2007 |
||
| 300 |
_a295 صفحة؛ _bإيضاحات ؛ _c25 سم |
||
| 504 | _aالملاحق ص.282 | ||
| 520 | _aجمع البيانات وعرضها- مقاييس النزعة المركزية- مقايسس التشتت- العزوم والإلتواء والتفرطح- الإحتمالات- التوزيع الطبيعي- الإرتباط والإنحدار- الارقام القياسية- التقدير واختبار الفرضيات | ||
| 653 | _aالإحصاء - المعاملات الإرتباطية | ||
| 653 | _aالإحصاء التطبيقي | ||
| 653 | _aالإحصاء الوصفي | ||
| 942 | _cكتاب | ||
| 999 |
_c44219 _d44219 |
||